000 00624nam a2200181Ia 4500
008 090630s9999 xx 000 0 und d
082 _b13134
100 _aघाणेकर प्र. के.
245 _aकिल्ले पाहूया.
_cघाणेकर प्र. के.
260 _bस्नेहल - पुणे 4.
_c1993
300 _a64
600 _aघाणेकर प्र. के.
630 _aकिल्ले पाहूया.
655 _aइतर.
700 _aघाणेकर प्र. के.
730 _aकिल्ले पाहूया.
942 _cBOOK
999 _c264990
_d264990